| 000 | 01225nam a22004098i 4500 | ||
|---|---|---|---|
| 999 |
_c595 _d595 |
||
| 001 | 020979528 | ||
| 003 | UkOxU | ||
| 005 | 20190830160451.0 | ||
| 008 | 170508r20172016enk j 000|f|eng|d | ||
| 015 |
_aGBB7B4716 _2bnb |
||
| 016 | 7 |
_a018409193 _2Uk |
|
| 020 | _a9781911077039 (pbk.) : | ||
| 035 | _a(Uk)018409193 | ||
| 035 | _a(StEdALDL)1/3589679 | ||
| 040 |
_aStDuBDS _beng _erda _cStDuBDS |
||
| 049 | _aCROBAR | ||
| 082 | 0 | 4 |
_aFIC DAS _223 |
| 100 | 1 |
_aDashner, James, _d1972- _eauthor. |
|
| 245 | 1 | 4 |
_aThe fever code / _cJames Dashner. |
| 263 | _a201709 | ||
| 264 | 1 |
_aFrome : _bChicken House, _c2017. |
|
| 300 |
_a1 volume, 329 p. ; _c20 cm. |
||
| 336 |
_atext _2rdacontent |
||
| 337 |
_aunmediated _2rdamedia |
||
| 338 |
_avolume _2rdacarrier |
||
| 440 |
_aMaze runner ; _n5 |
||
| 500 | _aOriginally published: 2016. | ||
| 600 | 0 | 0 |
_aThomas _c(Fictitious character from Dashner) _vFiction. |
| 650 | 0 |
_aWICKED (Imaginary organization) _vFiction. |
|
| 655 | 0 | _aDystopias. | |
| 655 | 0 | _aYoung adult fiction. | |
| 902 | _aDate before which claim should not be made: 20171002 | ||
| 942 |
_2ddc _cFIC |
||
| 980 |
_g1 _f1/3589679 |
||
| 981 | _dAgency file oxf2017-38.1 | ||